[Event "ROM-ch U12"]
[Site "Calimanesti Caciulata"]
[Date "2019.04.22"]
[Round "9"]
[White "Cioanca, Iosif"]
[Black "Iordache, Rares Mihail"]
[Result "0-1"]
[WhiteElo "1001"]
[BlackElo "1054"]
[PlyCount "52"]
[EventDate "2019.04.15"]
[EventType "swiss"]
[EventRounds "9"]
[EventCountry "ROU"]
[SourceTitle "CBM 190 Extra"]
[Source "ChessBase"]
[SourceDate "2019.07.15"]
[SourceVersion "1"]
[SourceVersionDate "2019.07.15"]
[SourceQuality "1"]

1. d4 d5 2. g3 Bf5 3. Nf3 Nf6 4. Bg2 e6 5. 0-0 c5 6. e3 Nc6 7. c4 Bd6 8. Nc3 0-0 9. Qb3 Qb6 10. Nb5 Be7 11. Qd1 a6 12. Nc3 Nb4 13. Re1 Nc2 14. Na4 Qc6 15. Nc3 Nxa1 16. Ne5 Qd6 17. e4 dxe4 18. Nxe4 Nxe4 19. Bxe4 Bxe4 20. Rxe4 cxd4 21. Bf4 Bf6 22. Qxa1 Bxe5 23. Bxe5 Qc6 24. Rxd4 Rad8 25. Rxd8 Rxd8 26. Qc1 Qf3 0-1

[Event "ROM-ch U12"]
[Site "Calimanesti Caciulata"]
[Date "2019.04.19"]
[Round "6"]
[White "Iordache, Rares Mihail"]
[Black "Dorodici, Martin Alexandru"]
[Result "1/2-1/2"]
[WhiteElo "1054"]
[BlackElo "1001"]
[PlyCount "57"]
[EventDate "2019.04.15"]
[EventType "swiss"]
[EventRounds "9"]
[EventCountry "ROU"]
[SourceTitle "CBM 190 Extra"]
[Source "ChessBase"]
[SourceDate "2019.07.15"]
[SourceVersion "1"]
[SourceVersionDate "2019.07.15"]
[SourceQuality "1"]

1. d4 d5 2. Bf4 c6 3. e3 Nf6 4. Bd3 a6 5. Nf3 Bg4 6. h3 Bh5 7. c4 e6 8. c5 Nbd7 9. b4 b6 10. Qa4 Qc8 11. Nc3 Bg6 12. Bxg6 hxg6 13. Ne5 bxc5 14. bxc5 Nxe5 15. Bxe5 Nd7 16. f4 Ra7 17. 0-0 Nxe5 18. fxe5 Be7 19. Rab1 0-0 20. Rb6 Qd7 21. Qxc6 Qxc6 22. Rxc6 Bg5 23. Rf3 Re8 24. Rg3 Bh6 25. Rb6 Kh7 26. Rf3 Bg5 27. c6 Rc8 28. Rb7 Rxb7 29. cxb7 1/2-1/2